| 000 | 00375nam a2200157Ia 4500 | ||
|---|---|---|---|
| 008 | 210716s1985 xx 000 0 und d | ||
| 020 | _a914845487 | ||
| 041 | _aeng | ||
| 082 | _a005.133 SCHS | ||
| 100 | _aSchustack, Steve. | ||
| 245 | _aVariations in c. | ||
| 250 | _a1 | ||
| 260 |
_aWashington _bMicrosoft Press _c1985 |
||
| 300 | _axiii,344 | ||
| 650 | _aC Programming | ||
| 999 |
_c181203 _d181203 |
||